000 00926nam a2200193Ia 4500
999 _c53048
_d53048
001 20085
003 GE_BSU
005 20250515111723.0
008 181216s1960||||ru |||||||||||||| ||rus||
040 _cGE_BSU
041 _arus
080 _a81'374.822=111=122.2=113.1 С-48
245 _aСловарь наиболее употребительных слов английского, немецкого и французского языков /
_cПод общ. ред. И. В. Рахманова ; Составители : B. Аракин, З. Любимова и др.
264 _aМосква :
_bгос. изд. иностр. и национ. словарей,
_c1960.
300 _a582 ст. ;
_c21см.
541 _h4 ლ.
653 _aСловарь наиболее употребительных слов английского, немецкого и французского языков
942 _cBK
_2udc